000 00598nam a2200265Ia 4500
005 20260306164224.0
008 008 260114s9999 xx 000 0 eng d
020 _a9780804768269
037 _aEBOOK
040 _aCRL
040 _beng
040 _cCRL
041 _2eng
041 _aeng
084 _qCRL
100 _aPhillips
245 4 _aThe Equivocation Of Reason
260 _bStanford University Press
260 _c2013
650 _aPhilosophy
856 _uhttps://academic.oup.com/book/16914
942 _cEBOOK
999 _c1713241
_d1713241